El viaje como historia y memoria desplazamiento espacial y tiempo en algunas propuestas contemporáneas chilenas : [abstract] /

Elmentve itt :
Bibliográfiai részletek
Szerző: Gatti Riccardi Giuseppe
Testületi szerző: International Colloquium Pre-ICA 2025
További közreműködők: Bisama Álvaro
Alarcón Casanova Cristian
Catrileo Daniela
Dokumentumtípus: Könyv része
Megjelent: Hispanisztika Tanszék Szeged 2025
Sorozat:International Colloquium Pre-ICA
Kulcsszavak:Spanyol irodalom története - Chile - előadáskivonat, Giuseppe Gatti Riccardi
Tárgyszavak:
Online Access:http://acta.bibl.u-szeged.hu/90044
LEADER 01067naa a2200253 i 4500
001 acta90044
005 20260327081924.0
008 260327s2025 hu o 100 spa d
020 |a 978-963-688-050-7 
040 |a SZTE Egyetemi Kiadványok Repozitórium  |b hun 
041 |a spa 
100 2 |a Gatti Riccardi Giuseppe 
245 1 3 |a El viaje como historia y memoria   |h [elektronikus dokumentum] :  |b desplazamiento espacial y tiempo en algunas propuestas contemporáneas chilenas : [abstract] /  |c  Gatti Riccardi Giuseppe 
260 |a Hispanisztika Tanszék  |b Szeged  |c 2025 
300 |a 2 
490 0 |a International Colloquium Pre-ICA 
650 4 |a Bölcsészettudományok 
650 4 |a Nyelvek és irodalom 
695 |a Spanyol irodalom története - Chile - előadáskivonat, Giuseppe Gatti Riccardi 
700 0 1 |a Bisama Álvaro 
700 0 2 |a Alarcón Casanova Cristian 
700 0 2 |a Catrileo Daniela 
711 |a International Colloquium Pre-ICA 2025  |c Szeged  |d 2025. június 27-28. 
856 4 0 |u http://acta.bibl.u-szeged.hu/90044/1/pre_ica_2025_002.pdf  |z Dokumentum-elérés